00558nam a22001817a 450000500170000000800410001702000180005804000070007604100120008308200230009510000300011824500710014826000400021930000280025936500600028765000200034770000090036720231205144048.0231205b ||||| |||| 00| 0 eng d a9789393224866 cAL aKannada 223aK894.308bJOGK aJogi ಜೋಗಿ  aKategarara Kaipidi ಕತೆಗಾರರ ಕೈಪಿಡಿ  aBengalurubSawanna Enterprisec2023 a448 p.bPBc21.5x14 cm. aBLCR-000064b₹400.00c₹d₹500.00e20%f25-11-2023 aKannada Fiction aJOGI